• 首页
  • 本馆介绍
  • 公告通知
  • 最新文献
  • 馆藏检索
  • 电子资源
  • 读者导购
  • 参考咨询
  • 我的图书馆
  • 登录
  • 详细信息显示
  • 放入我的书架
  • 预约/预借图书
  • 作者相关作品
  • 分类相关作品
  • 丛书相关作品
  • 出版社相关作品

书目信息

  • 表格格式
  • 工作单格式
  • 卡片格式
题名:
应用物理光学
    
 
作者: A.A.希什洛夫斯基 著 ;水永安 , 袁成杰 译
分册: 中册   光的测量
出版信息: 北京   人民教育出版社  1964
页数: 320页
开本: 19cm
丛书名:
单 册:
中图分类: O434.14
科图分类:
主题词: 应用光学∶物理光学 , 物理光学∶应用光学
电子资源:
ISBN:
000 00879nam 2200265 45
001 0191012629
005 20061120111519.89
010    @dCNY0.95
100    @a19910529d1964 em y0chiy0121 ea
101 0  @achi
102    @aCN@b110000
105    @ay z 000yy
200 10 @a应用物理光学@AYING YONG WU LI GUANG XUE@h中册@i光的测量@fA.A.希什洛夫斯基著@g水永安,袁成杰译@Gshui yong an,yuan cheng jie yi@FA.A.xi shen luo fu si ji zhu
210    @a北京@c人民教育出版社@d1964
215    @a320页@d19cm
517 1  @a光的测量@Aguang de ce liang
540 1  @a物理 光学@AWU LI GUANG XUE
606    @a应用光学∶物理光学
606    @a物理光学∶应用光学
690    @aO434.14@v3
701  0 @aA.A.希什洛夫斯基@AA.A.xi shen luo fu si ji@4著
702  0 @a水永安@Ashui yong an@4译
702  0 @a袁成杰@Ayuan cheng jie@4译
801  0 @aCN@bTSSF@c20061120
905    @a10447@dO434.14@e7:2
    
    应用物理光学.中册.光的测量/A.A.希什洛夫斯基著/水永安,袁成杰译.-北京:人民教育出版社,1964
    320页;19cm
    
    
    ISBN :CNY0.95
    
●
相关链接 在E读中查询图书 在五车中查询图书 在当当中查询图书 在豆瓣中查询图书


正题名:应用物理光学     索取号:O434.14/7:2         预约/预借

序号 登录号 条形码 馆藏地/架位号 状态 备注
1 0013374   001462465   第二样本阅览室/ [索取号:O434.14/7:2] 在馆    
唐山师范学院图书馆 欢迎您!
大连网信软件有限公司© 版权所有